Làm gì khi con chán sống?

সংরক্ষণ করুন:
গ্রন্থ-পঞ্জীর বিবরন
অন্যান্য লেখক: Lan, Hương ((dịch))
বিন্যাস: গ্রন্থ
ভাষা:Vietnamese
প্রকাশিত: TP. Hồ Chí Mình Trẻ 2006
মালা:Tủ sách gia đình
বিষয়গুলি:
ট্যাগগুলো: ট্যাগ যুক্ত করুন
কোনো ট্যাগ নেই, প্রথমজন হিসাবে ট্যাগ করুন!
Thư viện lưu trữ: Trung tâm Học liệu Lê Vũ Hùng, Trường Đại học Đồng Tháp
LEADER 00756aam a22002538a 4500
001 00028647
005 20171026081023.0
008 120329s2006 ||||||viesd
020 |c 27000 
041 0 # |a vie 
082 1 4 |a 649  |b L104G 
245 0 0 |a Làm gì khi con chán sống?  |c Lan Hương (dịch) 
260 # # |a TP. Hồ Chí Mình  |b Trẻ  |c 2006 
300 # # |a 212tr.  |c 18cm. 
490 # # |a Tủ sách gia đình 
650 # 4 |a Giáo dục gia đình 
653 # # |a Chán sống 
653 # # |a Thiếu niên 
700 1 # |a Lan, Hương  |e (dịch) 
852 # # |b Kho đọc  |j KD.0013004 
852 # # |j KD.0013004 
910 |d 29/03/2012 
980 # # |a Trung tâm Học liệu Lê Vũ Hùng, Trường Đại học Đồng Tháp